Diseño de anteproyecto arquitectónico de edificios de oficinas para Dirección General de Ingresos, Ministerio de Fomento Industria y Comercio, Ministerio Agropecuario y Forestal
Se realiza propuesta a nivel de anteproyecto arquitectónico de prototipo de edificio de oficinas para Ministerio Agropecuario y Forestal (MAGFOR), Dirección General de Ingresos (DGI), y Ministerio de Fomento Industria y Comercio (MIFIC), tomando como modelo principal este último, que permita que...
| Main Author: | |
|---|---|
| Other Authors: | |
| Format: | Tesis Section = Libro |
| Language: | Undetermined Spanish |
| Published: |
Managua
UNI
2014
|
| Subjects: |
| LEADER | 01492nam a2200277Ia 4500 | ||
|---|---|---|---|
| 008 | 240830s9999 xx 000 0 und d | ||
| 040 | |a BIBLIOTECA-RUSB/ Mon 711.551 A174 | ||
| 041 | |a spa | ||
| 082 | |a Mon 711.551 A174 | ||
| 100 | 1 | |a Acevedo Sánchez, Claudia | |
| 245 | 1 | 0 | |a Diseño de anteproyecto arquitectónico de edificios de oficinas para Dirección General de Ingresos, Ministerio de Fomento Industria y Comercio, Ministerio Agropecuario y Forestal |
| 260 | |a Managua |b UNI |c 2014 | ||
| 300 | |a 38 p. :il. | ||
| 500 | |a Contiene: anexos. | ||
| 502 | |a Tesis (Arquitecto) - UNI, 2014. | ||
| 520 | 3 | |a Se realiza propuesta a nivel de anteproyecto arquitectónico de prototipo de edificio de oficinas para Ministerio Agropecuario y Forestal (MAGFOR), Dirección General de Ingresos (DGI), y Ministerio de Fomento Industria y Comercio (MIFIC), tomando como modelo principal este último, que permita que los edificios de gobierno sean más flexibles y confortables en cuanto al espacio funcional, y de acuerdo a normativas y reglamentos establecidos para el tipo de diseño de edificios de oficinas ministeriales. | |
| 650 | 7 | |a DISEÑO ARQUITECTONICO | |
| 650 | 7 | |b ARQUITECTURA-DISEÑOS Y PLANOS | |
| 650 | 7 | |c EDIFICIOS DE GOBIERNO-DISEÑOS Y CONSTRUCCION | |
| 650 | 7 | |d ARQUITECTONICA-EDIFICIOS | |
| 650 | 7 | |e MODELOS ANALOGOS | |
| 650 | 7 | |f USU DE SUELO | |
| 700 | 1 | |a Tutor: |b Fuentes Telica, María de los Ángeles | |
| 942 | |c BK |2 ddc | ||
| 991 | |a TESIS | ||
| 999 | |c 21016 | ||